Les francais au mexique du xvie siècle a nos jours (Record no. 6908)

MARC details
000 -CABECERA
campo de control de longitud fija 00559nam a2200205 a 4500
001 - NÚMERO DE CONTROL
campo de control BRCA_7227
005 - FECHA Y HORA DE LA ÚLTIMA TRANSACCIÓN
campo de control 20190320205746.0
008 - DATOS DE LONGITUD FIJA--INFORMACIÓN GENERAL
campo de control de longitud fija 180112s1933----fr-ao#####---#000-0#fre-#
041 ## - CÓDIGO DE LENGUA
Código de lengua del texto/banda sonora o título independiente fre
044 ## - CÓDIGO DEL PAÍS DE LA ENTIDAD EDITORA/PRODUCTORA
Código MARC del país fr
050 #4 - SIGNATURA TOPOGRÁFICA DE LA BIBLIOTECA DEL CONGRESO
Número de clasificación F1230
Número de documento/Ítem .G46 193
100 1# - ENTRADA PRINCIPAL--NOMBRE DE PERSONA
Nombre de persona Geìnin, Auguste
Fechas asociadas al nombre 1862-1931
9 (RLIN) 17907
245 10 - MENCIÓN DE TÍTULO
Título Les francais au mexique du xvie siècle a nos jours
Mención de responsabilidad, etc. Auguste Génin.
260 ## - PUBLICACIÓN, DISTRIBUCIÓN, ETC.
Lugar de publicación, distribución, etc. París
Nombre del editor, distribuidor, etc. Argo
Fecha de publicación, distribución, etc. 1933
300 ## - DESCRIPCIÓN FÍSICA
Extensión xxii, 544 p.
Otras características físicas il., retratos
Dimensiones 27 cm.
500 ## - NOTA GENERAL
Nota general P130
650 14 - PUNTO DE ACCESO ADICIONAL DE MATERIA--TÉRMINO DE MATERIA
Término de materia o nombre geográfico como elemento de entrada Franceses en México
9 (RLIN) 17908
902 ## - CATALOGADOR
Iniciales GFM
942 ## - ELEMENTOS DE PUNTO DE ACCESO ADICIONAL (KOHA)
Fuente del sistema de clasificación o colocación Library of Congress Classification
Tipo de ítem Koha Libros
Holdings
Estado de retiro Estado de pérdida Estado dañado No para préstamo Localización permanente Ubicación/localización actual Fecha de adquisición Número de inventario Total de préstamos Signatura topográfica completa Código de barras Fecha visto por última vez Precio válido a partir de Tipo de ítem Koha
El ejemplar forma parte de la colección y puede ser consultado según las políticas vigentes.       Biblioteca del Museo Franz Mayer (Rogerio Casas-Alatriste) Biblioteca del Museo Franz Mayer (Rogerio Casas-Alatriste) 18/01/2012 P130   F1230 .G46 193 (P130) 7685 22/03/2019 22/03/2019 Libros